[Event "SF Werden - SV Bottrop"]
[Site "?"]
[Date "2018.01.12"]
[Round "6"]
[White "Jäger, Heinz"]
[Black "Bury, Tobias"]
[Result "1/2-1/2"]
[WhiteElo "1951"]
[BlackElo "1894"]
[PlyCount "74"]

1. d4 Nf6 2. Nf3 e6 3. Bg5 c5 4. e3 cxd4 5. exd4 b6 6. Nbd2 Bb7 7. Bd3 Be7 8.
Qe2 d6 9. O-O-O Nbd7 10. Kb1 a6 11. Nc4 b5 12. Ne3 Rc8 13. h4 Nb6 14. Rhe1 Nbd5
15. Nxd5 Bxd5 16. Bd2 Bc4 17. Ng5 Bxd3 18. Qxd3 Qd7 19. Re3 h6 20. Ne4 Nxe4 21.
Rxe4 d5 22. Rf4 Qc7 23. c3 Bd6 24. Rg4 g6 25. Re1 Qd7 26. Qf3 Be7 27. Bf4 h5
28. Rg3 Bxh4 29. Rh3 Bf6 30. g4 hxg4 31. Rxh8+ Bxh8 32. Qxg4 Bf6 33. Rh1 Qe7
34. Qg3 Kd7 35. Be5 a5 36. Qf4 Bxe5 37. dxe5 b4 1/2-1/2

[Event "SF Werden - SV Bottrop"]
[Site "?"]
[Date "2018.01.12"]
[Round "6"]
[White "Blank, Stephan"]
[Black "Tochtrop, Lothar"]
[Result "1-0"]
[WhiteElo "1797"]
[BlackElo "1844"]
[PlyCount "45"]

1. e4 c5 2. Nc3 Nc6 3. Bc4 e6 4. f4 Nge7 5. Nf3 a6 6. a4 Qc7 7. d3 Nd4 8. O-O
g6 9. Nxd4 cxd4 10. Ne2 Bg7 11. Ng3 d6 12. Qf3 Bd7 13. f5 exf5 14. exf5 gxf5
15. Bg5 Bc6 16. Qh5 Rf8 17. Bxe7 Qxe7 18. Nxf5 Qf6 19. Rae1+ Kd8 20. Qxh7 Rh8
21. Qxg7 Qxg7 22. Nxg7 Rg8 23. Rxf7 1-0

[Event "SV Mülheim-Nord 4 - SV Kamen 2"]
[Site "Verbandsliga, Gruppe 1 2017/2"]
[Date "2018.02.04"]
[Round "6.1"]
[White "Rumpf, Thomas"]
[Black "Richters, Marc"]
[Result "1/2-1/2"]
[WhiteElo "2006"]
[BlackElo "1911"]
[PlyCount "61"]
[EventDate "2018.??.??"]

1. e4 c5 2. Nf3 d6 3. c3 Nf6 4. Be2 Nc6 5. d4 cxd4 6. cxd4 Qa5+ 7. Bd2 Qb6 8.
d5 Nxe4 9. O-O Nxd2 10. Nbxd2 Ne5 11. Nxe5 dxe5 12. Nc4 Qd4 13. Qa4+ Bd7 14.
Qb3 b5 15. Rfd1 Qe4 16. Ne3 a6 17. Bf3 Qa4 18. Qc3 Qf4 19. Qc7 Rc8 20. Qb7 e4
21. Be2 Qd6 22. Qa7 g6 23. Qd4 Qf6 24. Qb4 Bg7 25. Rd2 Qd6 26. Qxe4 f5 27. Qd3
f4 28. Nd1 Bf5 29. Qb3 O-O 30. a3 Kh8 31. Nc3 1/2-1/2

[Event "SV Mülheim-Nord 4 - SV Kamen 2"]
[Site "Verbandsliga, Gruppe 1 2017/2"]
[Date "2018.02.04"]
[Round "6.2"]
[White "Schmidt, Kevin"]
[Black "Koch, Marcel"]
[Result "1/2-1/2"]
[WhiteElo "1878"]
[BlackElo "1900"]
[Annotator "Daniel"]
[PlyCount "104"]
[EventDate "2018.??.??"]

1. e4 d5 2. exd5 Qxd5 3. Nc3 Qa5 4. Bc4 Nf6 5. d3 Bf5 6. Qe2 e6 7. Bd2 c6 8. h3
Bb4 9. g4 Bg6 10. f4 Kd8 11. Nf3 Nbd7 12. a3 Re8 13. O-O Bxc3 14. Bxc3 Qc7 15.
Ne5 Nd5 16. Nxd7 Nxc3 17. bxc3 Kxd7 18. Qf3 h5 19. f5 hxg4 20. hxg4 exf5 21.
gxf5 Rh8 22. Qf4 Qxf4 23. Rxf4 Bh5 24. Re1 Rae8 25. Rd4+ Kc7 26. Rde4 Kd7 $11
27. Kf2 g5 28. Rxe8 Rxe8 29. Rh1 Bg4 30. Rh7 Rf8 31. Be6+ Kd6 32. Kg3 fxe6 33.
Kxg4 exf5+ 34. Kxg5 f4 35. Rxb7 f3 36. Rb1 f2 37. Rf1 Kc5 38. a4 Kb6 39. Kg4
Ka5 40. Kg3 Kxa4 41. Rxf2 Rxf2 42. Kxf2 a5 43. Ke2 Ka3 44. d4 a4 45. c4 Kb4 46.
d5 cxd5 47. cxd5 Kc5 48. Kd3 Kxd5 49. Kc3 Kc5 50. Kb2 Kc4 51. c3 a3+ 52. Kxa3
Kxc3 1/2-1/2

[Event "SV Mülheim-Nord 4 - SV Kamen 2"]
[Site "Verbandsliga, Gruppe 1 2017/2"]
[Date "2018.02.04"]
[Round "6.3"]
[White "Neumann, Carsten"]
[Black "Kremer, Moritz"]
[Result "1/2-1/2"]
[WhiteElo "2013"]
[BlackElo "1857"]
[Annotator "Daniel"]
[PlyCount "82"]
[EventDate "2018.??.??"]

1. Nf3 Nf6 2. g3 g6 3. Bg2 Bg7 4. O-O O-O 5. d3 d6 6. e4 e5 7. b3 Nc6 8. Bb2 h6
9. Nbd2 Be6 10. c4 Qd7 11. Re1 Nh7 12. Nf1 Ng5 13. Qd2 Nxf3+ 14. Bxf3 f5 15.
exf5 gxf5 16. d4 exd4 17. Rxe6 Ne5 18. Bd5 Kh7 19. f4 Qxe6 20. fxe5 Qxe5 21.
Re1 Qf6 22. Re6 Qg5 23. Qd3 c5 24. h4 Qh5 $11 25. Rxd6 Kh8 26. Bc1 Rf6 27. Rd7
Qe8 28. Rxb7 a5 29. Bf4 Rc8 30. Ra7 Qe1 31. Bd2 Qe5 32. Bf4 Qe1 33. Qd2 Re8 34.
Qxe1 Rxe1 35. Kf2 Rb1 36. Rxa5 Rf8 37. Rxc5 Re8 38. Nd2 Rbe1 39. h5 d3 40. Rc7
Bd4+ 41. Kg2 R1e2+ 1/2-1/2

[Event "SV Mülheim-Nord 4 - SV Kamen 2"]
[Site "Verbandsliga, Gruppe 1 2017/2"]
[Date "2018.02.04"]
[Round "6.4"]
[White "Kelm, Marcel"]
[Black "Traunecker, Thomas"]
[Result "1/2-1/2"]
[WhiteElo "1867"]
[BlackElo "1872"]
[PlyCount "35"]
[EventDate "2018.??.??"]

1. Nf3 g6 2. g3 Bg7 3. d4 d6 4. b3 f5 5. Bb2 Nf6 6. Bg2 O-O 7. O-O c6 8. Nbd2
Qc7 9. Re1 Ne4 10. c4 e5 11. Qc2 Nxd2 12. Qxd2 e4 13. Ng5 Qe7 14. Nh3 Nd7 15.
e3 Nf6 16. Nf4 g5 17. Ne2 Bd7 18. Rac1 1/2-1/2

[Event "SV Mülheim-Nord 4 - SV Kamen 2"]
[Site "Verbandsliga, Gruppe 1 2017/2"]
[Date "2018.02.04"]
[Round "6.5"]
[White "Schulze-Bergcamen, Stefan"]
[Black "Bartelt, Max Peter"]
[Result "1/2-1/2"]
[WhiteElo "1942"]
[BlackElo "1822"]
[PlyCount "52"]
[EventDate "2018.??.??"]

1. d4 d5 2. e4 e6 3. Be3 Nf6 4. e5 Nfd7 5. f4 c5 6. c3 Nc6 7. Nf3 Qb6 8. Qb3
Be7 9. dxc5 Qxb3 10. axb3 Bxc5 11. Bxc5 Nxc5 12. Nbd2 O-O 13. b4 Nd7 14. Bd3 f6
15. exf6 gxf6 16. O-O e5 17. fxe5 fxe5 18. Bb5 e4 19. Bxc6 bxc6 20. Nd4 Ne5 21.
h3 Bd7 22. Ra2 Nd3 23. Rfa1 Rf2 24. Nf1 Kh8 25. b3 Rxa2 26. Rxa2 a6 1/2-1/2

[Event "SV Mülheim-Nord 4 - SV Kamen 2"]
[Site "Verbandsliga, Gruppe 1 2017/2"]
[Date "2018.02.04"]
[Round "6.6"]
[White "Vavro, Maximilian"]
[Black "Krabbe, Christian"]
[Result "0-1"]
[WhiteElo "1721"]
[BlackElo "1966"]
[PlyCount "74"]
[EventDate "2018.??.??"]

1. d4 d6 2. c4 g6 3. Nf3 Bg7 4. e3 Nf6 5. Nc3 O-O 6. Bd3 Nbd7 7. O-O e5 8. Qc2
c6 9. Rd1 Re8 10. b3 Qe7 11. dxe5 dxe5 12. Be2 a5 13. Bb2 Nc5 14. Ba3 Bf8 15.
Na4 Nfd7 16. Rxd7 Qxd7 17. Bxc5 Bxc5 18. Nxc5 Qe7 19. Ne4 f5 20. Nc3 e4 21. Nd4
f4 22. Qd2 Rd8 23. Nxc6 bxc6 24. Qc2 fxe3 25. Qxe4 exf2+ 26. Kxf2 Qf6+ 27. Qf3
Qe5 28. Kg1 Bf5 29. Rd1 Rxd1+ 30. Nxd1 Re8 31. Nc3 Qd4+ 32. Kf1 Re3 33. Qxc6
Qxc3 34. Qd5+ Kg7 35. Kf2 Qe5 36. Qd1 Re4 37. Bf3 Qd4+ 0-1

[Event "SV Mülheim-Nord 4 - SV Kamen 2"]
[Site "Verbandsliga, Gruppe 1 2017/2"]
[Date "2018.02.04"]
[Round "6.7"]
[White "Bals, Jochen"]
[Black "Stadel, Michael"]
[Result "1-0"]
[WhiteElo "1855"]
[BlackElo "1620"]
[PlyCount "65"]
[EventDate "2018.??.??"]

1. e4 e5 2. Nf3 Nc6 3. Bc4 Bc5 4. c3 Nf6 5. d3 O-O 6. b4 Bb6 7. O-O d6 8. Bg5
Be6 9. Nbd2 Qd7 10. Bxe6 fxe6 11. Nc4 Kh8 12. a4 a5 13. b5 Ne7 14. Nxb6 cxb6
15. Qb3 Ng6 16. Nh4 Nxh4 17. Bxh4 Nh5 18. Qd1 Nf4 19. g3 Ng6 20. Bg5 d5 21. Qg4
Rac8 22. Rac1 d4 23. c4 Qd6 24. h4 Ne7 25. Kg2 Rf7 26. f4 exf4 27. Bxf4 Qd7 28.
Be5 Ng6 29. Rxf7 Qxf7 30. Bxd4 Rd8 31. Rf1 Qc7 32. h5 Nf8 33. h6 1-0

[Event "SV Mülheim-Nord 4 - SV Kamen 2"]
[Site "Verbandsliga, Gruppe 1 2017/2"]
[Date "2018.02.04"]
[Round "6.8"]
[White "Guenther, Stina"]
[Black "Markert, Dirk"]
[Result "0-1"]
[WhiteElo "1233"]
[BlackElo "1886"]
[PlyCount "40"]
[EventDate "2018.??.??"]

1. e4 e6 2. Nc3 d5 3. exd5 exd5 4. d4 Nc6 5. Nf3 Bg4 6. Be3 Nf6 7. Bb5 Bd6 8.
Qe2 O-O 9. O-O-O a6 10. Bxc6 bxc6 11. h3 Be6 12. Ne5 c5 13. Bg5 cxd4 14. Rxd4
c5 15. Ra4 d4 16. Rd1 dxc3 17. Rxa6 Qb8 18. bxc3 Bxe5 19. Rxa8 Bf4+ 20. Bxf4
Qxf4+ 0-1

[Event "SF Essen-Katernberg  3 - SV Erkenschwic"]
[Site "Verbandsliga, Gruppe 1 2017/2"]
[Date "2018.02.04"]
[Round "6"]
[White "Trzaska, Peter"]
[Black "Villwock, Martin"]
[Result "1/2-1/2"]
[WhiteElo "2034"]
[BlackElo "2101"]
[PlyCount "144"]
[EventDate "2018.??.??"]

1. c4 c5 2. Nf3 Nc6 3. d4 cxd4 4. Nxd4 Qb6 5. Nb3 Nf6 6. Nc3 e6 7. e3 Bb4 8.
Bd2 O-O 9. Be2 d5 10. cxd5 exd5 11. O-O a6 12. Rc1 Be6 13. Na4 Qd8 14. Rxc6
Bxd2 15. Rxe6 fxe6 16. Qxd2 Rc8 17. Nc3 Qe7 18. f4 Nd7 19. e4 dxe4 20. Nxe4
Rfd8 21. Qd6 Qe8 22. Qb4 b5 23. Ng5 h6 24. Nf3 Nf6 25. Ne5 Rc2 26. Bd3 Rxd3 27.
Nxd3 Qg6 28. Ne1 Rxb2 29. Qa3 Rb1 30. Nd2 Rd1 31. Qe3 Nd5 32. Qe2 Nc3 33. Qe5
Nxa2 34. Ndf3 Nc1 35. g3 Qf7 36. Kg2 Qd7 37. Rf2 Qd5 38. Qxd5 exd5 39. Nc2 Nb3
40. Ne3 Rd3 41. Nf5 b4 42. Rc2 g6 43. Nxh6+ Kg7 44. Rc7+ Kf8 45. Rf7+ Ke8 46.
Rf6 Nc5 47. Rxg6 b3 48. Rb6 Na4 49. Rb8+ Ke7 50. Nf5+ Kf6 51. N5d4 b2 52. g4
Rd1 53. Rb7 b1=Q 54. g5+ Kg6 55. f5+ Qxf5 56. Nh4+ Kxg5 57. Nhxf5 Nc3 58. Rb2
Ne4 59. h4+ Kf4 60. h5 Nf6 61. h6 Kg5 62. Kf3 Rd3+ 63. Ke2 Rh3 64. Rb6 Rh2+ 65.
Kd3 Rh3+ 66. Kc2 a5 67. Ra6 Ng4 68. Kb2 Nxh6 69. Rxa5 Nxf5 70. Rxd5 Rh2+ 71.
Ka3 Rf2 72. Rxf5+ Rxf5 1/2-1/2

[Event "SF Essen-Katernberg  3 - SV Erkenschwic"]
[Site "Verbandsliga, Gruppe 1 2017/2"]
[Date "2018.02.04"]
[Round "6"]
[White "Stratmann, Holger"]
[Black "Schulze Bisping, Franz-Adolf"]
[Result "1/2-1/2"]
[WhiteElo "1997"]
[BlackElo "1894"]
[PlyCount "24"]
[EventDate "2018.??.??"]

1. d4 e6 2. Nf3 f5 3. g3 b6 4. Bg2 Bb7 5. O-O Nf6 6. c4 Be7 7. Nc3 Ne4 8. Qd3
Nxc3 9. Qxc3 Bf6 10. Qd2 O-O 11. b3 d6 12. Bb2 Nd7 1/2-1/2

[Event "SF Essen-Katernberg  3 - SV Erkenschwic"]
[Site "Verbandsliga, Gruppe 1 2017/2"]
[Date "2018.02.04"]
[Round "6"]
[White "Broszeit, Peter"]
[Black "Gorainow, Nikita"]
[Result "1/2-1/2"]
[WhiteElo "1907"]
[BlackElo "1912"]
[PlyCount "64"]
[EventDate "2018.??.??"]

1. d4 f5 2. Nf3 Nf6 3. g3 g6 4. Bg2 Bg7 5. O-O O-O 6. c4 d6 7. Nc3 Nc6 8. d5
Ne5 9. Nxe5 dxe5 10. e4 Ne8 11. b4 f4 12. g4 a6 13. Bb2 Qd6 14. c5 Qf6 15. Bf3
Qh4 16. Kg2 Nf6 17. h3 h5 18. Rh1 hxg4 19. Bxg4 Nxg4 20. hxg4 Qxg4+ 21. Qxg4
Bxg4 22. f3 Bd7 23. a4 Kf7 24. Nd1 Rh8 25. Rxh8 Rxh8 26. Nf2 c6 27. Nd3 Rh5 28.
Re1 cxd5 29. exd5 Bxa4 30. Bxe5 Bb5 31. Bxg7 Bxd3 32. Be5 Rf5 1/2-1/2

[Event "SF Essen-Katernberg  3 - SV Erkenschwic"]
[Site "Verbandsliga, Gruppe 1 2017/2"]
[Date "2018.02.04"]
[Round "6"]
[White "Kudelka, Josua"]
[Black "Jungbluth, Rolf"]
[Result "1/2-1/2"]
[WhiteElo "1906"]
[BlackElo "1869"]
[PlyCount "74"]
[EventDate "2018.??.??"]

1. d4 d5 2. c4 e6 3. Nf3 Nf6 4. g3 c6 5. Bg2 Nbd7 6. O-O Ne4 7. Qc2 Be7 8. Rd1
O-O 9. Nbd2 f5 10. Ne5 Bf6 11. Ndf3 Qe7 12. a4 Bxe5 13. Nxe5 Nxe5 14. dxe5 Qc5
15. Be3 Qe7 16. cxd5 exd5 17. Bxe4 fxe4 18. Bc5 Qxe5 19. Bxf8 Kxf8 20. b4 Bd7
21. Qc5+ Kg8 22. b5 a6 23. Qb6 Rf8 24. Qxb7 Qf5 25. Rf1 cxb5 26. Rad1 Be6 27.
axb5 axb5 28. Qxb5 h5 29. f3 Qg5 30. Qc5 h4 31. fxe4 Rc8 32. Qf2 Bh3 33. Rxd5
Qe7 34. Rfd1 Rf8 35. Qe3 Qf6 36. Rf5 Bxf5 37. exf5 Qxf5 1/2-1/2

[Event "SF Essen-Katernberg  3 - SV Erkenschwic"]
[Site "Verbandsliga, Gruppe 1 2017/2"]
[Date "2018.02.04"]
[Round "6"]
[White "Broksch, Dirk"]
[Black "Müller-Clostermann, Bruno"]
[Result "0-1"]
[WhiteElo "1823"]
[BlackElo "1991"]
[PlyCount "116"]
[EventDate "2018.??.??"]

1. d4 d6 2. Nf3 g6 3. Bf4 Bg7 4. c3 Nd7 5. e3 e5 6. dxe5 dxe5 7. Bg3 Nh6 8. Bc4
Nf5 9. Qd5 Qe7 10. e4 Nxg3 11. hxg3 Nb6 12. Qd3 Nxc4 13. Qxc4 Be6 14. Qb5+ c6
15. Qe2 O-O 16. Nbd2 b5 17. Qe3 f6 18. O-O Rfd8 19. Rfd1 Qc7 20. Nb3 Bf8 21.
Nc5 Bf7 22. Rxd8 Rxd8 23. Ne1 Qb6 24. b4 Bxc5 25. bxc5 Qc7 26. a4 a5 27. Qe2
Bc4 28. Qb2 Kg7 29. Qc2 Qa7 30. axb5 cxb5 31. Qc1 a4 32. Qe3 Qd7 33. Nc2 Qd3
34. Nb4 Qxe3 35. fxe3 Kf7 36. Kf2 Ke6 37. Kf3 h5 38. g4 hxg4+ 39. Kxg4 Rd2 40.
Kf3 Bb3 41. Rh1 Bd1+ 42. Kg3 Bh5 43. Re1 Rd1 44. Kf2 a3 45. c6 Kd6 46. Kf1 g5
47. Kf2 Rxe1 48. Kxe1 Bg6 49. Kd2 Bxe4 50. g3 Bxc6 51. Kc2 Bd5 52. Kc1 f5 53.
Kc2 f4 54. exf4 exf4 55. gxf4 gxf4 56. Kc1 Be4 57. Na2 Kc5 58. Kd2 Kc4 0-1

[Event "SF Essen-Katernberg  3 - SV Erkenschwic"]
[Site "Verbandsliga, Gruppe 1 2017/2"]
[Date "2018.02.04"]
[Round "6"]
[White "Sauer, Bernd"]
[Black "Mathea, Marc"]
[Result "1/2-1/2"]
[WhiteElo "1890"]
[BlackElo "1823"]
[PlyCount "90"]
[EventDate "2018.??.??"]

1. d4 Nf6 2. c4 g6 3. Nc3 Bg7 4. e4 d6 5. f3 O-O 6. Be3 Nc6 7. Nge2 e5 8. d5
Ne7 9. Qd2 Nd7 10. g4 f5 11. gxf5 gxf5 12. O-O-O f4 13. Bf2 b6 14. Bh3 Nc5 15.
Bxc8 Qxc8 16. h4 Kh8 17. Rdg1 Bf6 18. Rg4 Qa6 19. b3 Rab8 20. Kc2 Qb7 21. Nc1
a6 22. b4 Nd7 23. Nb3 c5 24. bxc5 Nxc5 25. Nxc5 bxc5 26. Rb1 Qd7 27. Rb3 Rb7
28. Rg1 Rfb8 29. Rgb1 Rxb3 30. axb3 Qh3 31. Ra1 Qxf3 32. Rxa6 Rd8 33. Qe2 Qxe2+
34. Nxe2 Kg7 35. Ng1 Ng6 36. Nf3 h5 37. Kc3 Kf7 38. b4 cxb4+ 39. Kxb4 Rb8+ 40.
Kc3 Be7 41. Ra7 Ke8 42. Ra1 Rb7 43. Rg1 Kf7 44. Ng5+ Kg7 45. Nf3 Kf7 1/2-1/2

[Event "SF Essen-Katernberg  3 - SV Erkenschwic"]
[Site "Verbandsliga, Gruppe 1 2017/2"]
[Date "2018.02.04"]
[Round "6"]
[White "Stötzel, Martin"]
[Black "Schmitz, Edgar"]
[Result "1/2-1/2"]
[WhiteElo "1751"]
[BlackElo "1849"]
[PlyCount "45"]
[EventDate "2018.??.??"]

1. e4 c5 2. Nf3 d6 3. d4 cxd4 4. Nxd4 Nf6 5. Nc3 a6 6. Be2 e5 7. Nb3 Be6 8. O-O
Be7 9. Be3 Nbd7 10. a4 b6 11. f4 Qc7 12. f5 Bc4 13. Bxc4 Qxc4 14. Qd3 Qxd3 15.
cxd3 Nc5 16. Nxc5 dxc5 17. Bg5 Ng8 18. Bxe7 Nxe7 19. f6 gxf6 20. Rxf6 Rb8 21.
a5 bxa5 22. Rxa6 O-O 23. R6xa5 1/2-1/2

[Event "SF Essen-Katernberg  3 - SV Erkenschwic"]
[Site "Verbandsliga, Gruppe 1 2017/2"]
[Date "2018.02.04"]
[Round "6"]
[White "Armbrüster, Jürgen"]
[Black "Al Marawi, Abdulhadi"]
[Result "1/2-1/2"]
[WhiteElo "1836"]
[BlackElo "1805"]
[PlyCount "52"]
[EventDate "2018.??.??"]

1. e4 e6 2. d4 d5 3. Nc3 Bb4 4. e5 c5 5. a3 cxd4 6. axb4 dxc3 7. bxc3 Qc7 8.
Qd4 Nc6 9. Bb5 Nge7 10. f4 O-O 11. Qd3 f6 12. exf6 Rxf6 13. Ne2 Bd7 14. O-O
Raf8 15. Be3 a6 16. Bxc6 Bxc6 17. Nd4 Bd7 18. Rf2 Nf5 19. Nxf5 {R} 19... Rxf5
20. Rd1 Bb5 21. Qd4 Rc8 22. Bd2 Rcf8 23. Be3 Qf7 24. Re1 Qg6 25. Qd2 h6 26. Bd4
Bd7 1/2-1/2

[Event "Sport Union Annen 1 - SK Sodingen/Castr"]
[Site "Verbandsliga, Gruppe 1 2017/2"]
[Date "2018.02.04"]
[Round "6.1"]
[White "Ribbeheger, Edgar"]
[Black "Mainka, Gregor"]
[Result "0-1"]
[WhiteElo "1974"]
[BlackElo "2183"]
[PlyCount "54"]
[EventDate "2018.??.??"]

1. c4 e5 2. Nc3 Bb4 3. g3 Bxc3 4. dxc3 d6 5. Bg2 Nc6 6. Nf3 Nge7 7. c5 d5 8. e4
dxe4 9. Qxd8+ Kxd8 10. Ng5 Ke8 11. Nxe4 h6 12. b4 Be6 13. O-O Rd8 14. Nd2 Bd5
15. Re1 f6 16. Bf1 Kf7 17. Nb3 a6 18. Bb2 Rd7 19. Rad1 Rhd8 20. c4 Be6 21. Rxd7
Rxd7 22. Bc3 Nf5 23. a4 Nfd4 24. Nxd4 Nxd4 25. Bg2 Bxc4 26. Bxd4 exd4 27. Bxb7
d3 0-1

[Event "Sport Union Annen 1 - SK Sodingen/Castr"]
[Site "Verbandsliga, Gruppe 1 2017/2"]
[Date "2018.02.04"]
[Round "6.2"]
[White "Reinoehl, Christian"]
[Black "Haberhausen, Ansgar"]
[Result "1-0"]
[WhiteElo "2083"]
[BlackElo "2023"]
[PlyCount "67"]
[EventDate "2018.??.??"]

1. e4 c6 2. d4 d5 3. Nd2 dxe4 4. Nxe4 Nd7 5. Bc4 Ngf6 6. Ng5 e6 7. Qe2 Nb6 8.
Bd3 h6 9. N5f3 Bd6 10. Ne5 Nbd5 11. a3 Bd7 12. Ngf3 Rc8 13. Bd2 Ne7 14. g4 Qc7
15. g5 hxg5 16. Nxg5 Bxe5 17. dxe5 Nfd5 18. c4 Nb6 19. Ne4 Kf8 20. Nd6 Rd8 21.
Qf3 Nf5 22. c5 Nd5 23. Rg1 b6 24. Qg4 g6 25. Nxf7 Be8 26. Nxd8 Qxd8 27. O-O-O
Rxh2 28. Rh1 Rxh1 29. Rxh1 Nde7 30. Bc4 Qc7 31. Rh8+ Kf7 32. Bf4 Qd7 33. Bg5
bxc5 34. Bxe7 1-0

[Event "Sport Union Annen 1 - SK Sodingen/Castr"]
[Site "Verbandsliga, Gruppe 1 2017/2"]
[Date "2018.02.04"]
[Round "6.3"]
[White "Foerster, Wolfgang"]
[Black "Wicht, Juergen"]
[Result "0-1"]
[WhiteElo "1956"]
[BlackElo "2051"]
[Annotator "Daniel"]
[PlyCount "118"]
[EventDate "2018.??.??"]

1. e4 d6 2. Nc3 e5 3. g3 Nf6 4. Bg2 c6 5. h3 Be7 6. Nge2 b5 7. a3 a5 8. d4 Bb7
9. d5 cxd5 10. Nxd5 Nxd5 11. exd5 Nd7 12. O-O Nb6 13. b3 O-O 14. Be3 Bg5 15. f4
exf4 16. Nxf4 Bf6 17. Bd4 Be5 18. Qd3 Nd7 19. Rad1 Bxd4+ 20. Qxd4 Qb6 21. Rfe1
Rfe8 22. Qf2 Rxe1+ 23. Rxe1 Qxf2+ 24. Kxf2 $11 Kf8 25. Bf1 Rc8 26. Bxb5 Rxc2+
27. Kg1 Ne5 28. Re3 g5 29. Nh5 Bxd5 30. Nf6 Bg2 31. Re2 Rxe2 32. Bxe2 Bb7 33.
Nxh7+ Ke7 34. g4 f6 35. h4 Be4 36. Nxg5 fxg5 37. hxg5 Nf7 38. b4 axb4 39. axb4
Nxg5 40. Kf2 Kf6 41. Ke3 Ke5 42. Ba6 Ne6 43. Bc8 Nd4 44. Kd2 Bc6 45. Kd3 Bb5+
46. Kc3 Ne2+ 47. Kd2 d5 48. g5 Nf4 49. Bg4 d4 50. Bc8 Nd5 51. Bg4 Nxb4 52. Bc8
Be8 53. Kc1 Kf4 54. Kb2 Kxg5 55. Kb3 Nc6 56. Kc4 Kf4 57. Ba6 Ke3 58. Kc5 Ne5
59. Kd5 Nd3 0-1

[Event "Sport Union Annen 1 - SK Sodingen/Castr"]
[Site "Verbandsliga, Gruppe 1 2017/2"]
[Date "2018.02.04"]
[Round "6.4"]
[White "Herrmann, Uwe"]
[Black "Schriewer, Thomas"]
[Result "1/2-1/2"]
[WhiteElo "1923"]
[BlackElo "1916"]
[PlyCount "62"]
[EventDate "2018.??.??"]

1. d4 d5 2. Nf3 Nf6 3. c4 c6 4. cxd5 cxd5 5. Nc3 Nc6 6. Bf4 a6 7. e3 Bg4 8. Be2
e6 9. Qb3 Ra7 10. h3 Bxf3 11. Bxf3 Bd6 12. Bxd6 Qxd6 13. O-O O-O 14. Na4 b5 15.
Nc3 Na5 16. Qd1 Rc8 17. Be2 Rac7 18. Qd2 Nc4 19. Bxc4 Rxc4 20. Rfc1 Qb4 21. f3
h6 22. Rc2 Kh8 23. Rcc1 Nd7 24. a3 Qa5 25. Kf2 Qc7 26. Ne2 Rc2 27. Rxc2 Qxc2
28. Qb4 Qg6 29. Rc1 Rxc1 30. Nxc1 Qc2+ 31. Ne2 Kg8 1/2-1/2

[Event "Sport Union Annen 1 - SK Sodingen/Castr"]
[Site "Verbandsliga, Gruppe 1 2017/2"]
[Date "2018.02.04"]
[Round "6.5"]
[White "Evertz, Dieter"]
[Black "Sondermann, Dirk"]
[Result "1-0"]
[WhiteElo "1929"]
[BlackElo "1816"]
[PlyCount "57"]
[EventDate "2018.??.??"]

1. e4 e6 2. Nf3 d5 3. e5 c5 4. b4 cxb4 5. d4 Nc6 6. Bd3 Nh6 7. Nbd2 Nf5 8. Nb3
a5 9. a4 Be7 10. O-O b6 11. Qe2 h5 12. Kh1 Bd7 13. Rg1 h4 14. g4 hxg3 15. fxg3
g6 16. Bd2 Kf8 17. Raf1 Kg7 18. Qf2 Qe8 19. Bg5 Nd8 20. g4 Nh6 21. Bf6+ Bxf6
22. exf6+ Kg8 23. Ne5 Nc6 24. Qf4 Nxe5 25. dxe5 Bxa4 26. Nd4 Rc8 27. Qg5 Rc4
28. Bxg6 Kf8 29. Bd3 1-0

[Event "Sport Union Annen 1 - SK Sodingen/Castr"]
[Site "Verbandsliga, Gruppe 1 2017/2"]
[Date "2018.02.04"]
[Round "6.6"]
[White "Hartung, Thomas"]
[Black "Hessel, Malte"]
[Result "0-1"]
[WhiteElo "1931"]
[BlackElo "1857"]
[PlyCount "100"]
[EventDate "2018.??.??"]

1. e4 c6 2. d4 d5 3. exd5 cxd5 4. c4 Nf6 5. Nc3 e6 6. Nf3 Be7 7. Bd3 O-O 8. O-O
dxc4 9. Bxc4 Nbd7 10. Bg5 h6 11. Be3 Nb6 12. Bb3 Nbd5 13. Rc1 b6 14. Ne5 Bb7
15. Re1 Nxc3 16. bxc3 Ba3 17. Rc2 Rc8 18. Bc1 Bd6 19. f4 Nd5 20. Qh5 Bxe5 21.
fxe5 Rxc3 22. Qg4 Rxc2 23. Bxc2 f5 24. exf6 Qxf6 25. Qxe6+ Qxe6 26. Rxe6 Rc8
27. Re2 Ba6 28. Rf2 Bd3 29. Bxd3 Rxc1+ 30. Rf1 Rxf1+ 31. Kxf1 Kf7 32. Kf2 Ke6
33. Kf3 Kd6 34. Bc4 Nc7 35. Ke4 b5 36. Bf7 Ne6 37. h4 b4 38. g4 a5 39. Be8 Nc7
40. Ba4 Nd5 41. Kf5 Ne7+ 42. Ke4 Ng6 43. h5 Nf8 44. Be8 Nh7 45. Kf5 Nf6 46. Bf7
a4 47. g5 Nd5 48. gxh6 gxh6 49. Ke4 b3 50. axb3 a3 0-1

[Event "Sport Union Annen 1 - SK Sodingen/Castr"]
[Site "Verbandsliga, Gruppe 1 2017/2"]
[Date "2018.02.04"]
[Round "6.7"]
[White "Kock, Wolfgang"]
[Black "Jeschke, Holger"]
[Result "1-0"]
[WhiteElo "1959"]
[BlackElo "1922"]
[PlyCount "69"]
[EventDate "2018.??.??"]

1. c4 Nf6 2. g3 g6 3. Bg2 Bg7 4. Nc3 O-O 5. d3 d6 6. e3 c6 7. Nge2 e5 8. O-O
Be6 9. h3 d5 10. cxd5 cxd5 11. d4 exd4 12. Nxd4 Nc6 13. Nxe6 fxe6 14. Qb3 Qe7
15. f4 Na5 16. Qa4 Qc7 17. Qd1 Rad8 18. Nb5 Qb6 19. Nd4 Ne4 20. Kh2 e5 21. Nf3
Nc4 22. Qb3 exf4 23. exf4 Bxb2 24. Bxb2 Qxb3 25. axb3 Nxb2 26. Ne5 Nd2 27. Rfe1
Rc8 28. Re2 Rc2 29. Bxd5+ Kg7 30. Bg2 Rfc8 31. Rxa7 R8c7 32. Nc4 Nbxc4 33. bxc4
R7xc4 34. Rxb7+ Kf6 35. Rbe7 1-0

[Event "Sport Union Annen 1 - SK Sodingen/Castr"]
[Site "Verbandsliga, Gruppe 1 2017/2"]
[Date "2018.02.04"]
[Round "6.8"]
[White "Rudak, Bartholomaeus"]
[Black "Mittelbachert, Ulrich"]
[Result "1/2-1/2"]
[WhiteElo "1859"]
[BlackElo "1834"]
[PlyCount "93"]
[EventDate "2018.??.??"]

1. f4 d5 2. Nf3 Nf6 3. e3 Bg4 4. Be2 Bxf3 5. Bxf3 c6 6. b3 e6 7. Bb2 Bd6 8. d3
Nbd7 9. Nd2 e5 10. f5 h5 11. Qe2 Ng4 12. O-O-O Qa5 13. Bxg4 hxg4 14. Qxg4 Qxa2
15. Qxg7 Rf8 16. Nf3 Ba3 17. Bxa3 Qxa3+ 18. Kb1 O-O-O 19. Qg3 a5 20. Qe1 Nc5
21. d4 Ne4 22. Nxe5 f6 23. Nd3 a4 24. Nc1 Kd7 25. Rd3 Qd6 26. b4 Rg8 27. g3 Rg5
28. Ra3 b5 29. Nd3 Kc8 30. Nf4 Rh8 31. c3 Rg7 32. Ra2 Rgh7 33. Rg2 Kb7 34. Kc2
Ng5 35. Nd3 Ne4 36. Qe2 Qe7 37. Ra1 Kb6 38. Rf1 Rh6 39. Nc5 Kc7 40. Rf4 Rh5 41.
Rh4 Nxc5 42. dxc5 Rxh4 43. gxh4 Qe4+ 44. Kb2 Rh7 45. Qg4 Qd3 46. Qf4+ Kb7 47.
h5 1/2-1/2

[Event "SV Eichlinghofen 1 - SV Bönen 1"]
[Site "Verbandsliga, Gruppe 1 2017/2"]
[Date "2018.02.04"]
[Round "6.1"]
[White "Schlottmann, Fabian"]
[Black "Watzlawek, Markus"]
[Result "1-0"]
[WhiteElo "2282"]
[BlackElo "2073"]
[PlyCount "55"]
[EventDate "2018.??.??"]

1. Nf3 f5 2. e4 fxe4 3. Ng5 Nc6 4. d3 e3 5. Bxe3 e5 6. Nc3 d5 7. Qh5+ g6 8. Qf3
Nf6 9. Nxd5 Bg7 10. Nxf6+ Bxf6 11. Ne4 Be7 12. c3 Rf8 13. Qe2 Bf5 14. Qc2 Qd7
15. Rd1 O-O-O 16. Be2 Kb8 17. O-O g5 18. Ng3 Bg6 19. b4 Bf6 20. b5 Ne7 21. c4
Rf7 22. Bf3 g4 23. Qa4 Nc8 24. Bd5 Rg7 25. Bxb7 Kxb7 26. Qa6+ Kb8 27. Qxf6 Bxd3
28. Rxd3 1-0

[Event "SV Eichlinghofen 1 - SV Bönen 1"]
[Site "Verbandsliga, Gruppe 1 2017/2"]
[Date "2018.02.04"]
[Round "6.2"]
[White "Schuette, Tobias"]
[Black "Lenz, Guntram"]
[Result "1/2-1/2"]
[WhiteElo "2001"]
[BlackElo "1952"]
[PlyCount "47"]
[EventDate "2018.??.??"]

1. e4 c5 2. Nf3 e6 3. d4 cxd4 4. c3 d5 5. e5 Nc6 6. cxd4 Qb6 7. Bd3 Bd7 8. O-O
Nxd4 9. Nxd4 Qxd4 10. Nc3 a6 11. Be3 Qxe5 12. Re1 Nf6 13. Qd2 d4 14. Bxd4 Qxd4
15. Rad1 Bb4 16. Rxe6+ Kf8 17. Re3 Rc8 18. Rg3 Bxc3 19. bxc3 Rxc3 20. Qg5 Bg4
21. Be2 Rc5 22. Rxd4 Rxg5 23. Bxg4 g6 24. h4 1/2-1/2

[Event "SV Eichlinghofen 1 - SV Bönen 1"]
[Site "Verbandsliga, Gruppe 1 2017/2"]
[Date "2018.02.04"]
[Round "6.3"]
[White "Fuest, Torsten"]
[Black "Kropp, Andreas"]
[Result "1/2-1/2"]
[WhiteElo "1888"]
[BlackElo "1923"]
[PlyCount "53"]
[EventDate "2018.??.??"]

1. d4 Nf6 2. c4 c5 3. d5 e5 4. Nc3 d6 5. e4 g6 6. Bd3 Nh5 7. Nge2 Be7 8. Be3
Bg5 9. Qd2 Bxe3 10. Qxe3 O-O 11. O-O a6 12. a3 b6 13. b4 Qf6 14. Rab1 Nf4 15.
Rb2 Nd7 16. Rfb1 Nxd3 17. Qxd3 Qe7 18. Nc1 f5 19. Nb3 Nf6 20. f3 fxe4 21. Nxe4
Qd8 22. Nbd2 Bf5 23. bxc5 bxc5 24. Rb6 Bxe4 25. Nxe4 Nxe4 26. Qxe4 Rf4 27. Qe2
1/2-1/2